000 nam a22 7a 4500
999 _c7913
_d7913
008 171109b xxu||||| |||| 00| 0 eng d
100 _94377
_aCBSE
245 _aENGHLISH LANGUAGE AND LIFE S.P X
260 _aDELHI
_bJPH
_c2015